La mujer en la Iglesia y en el mundo: comentarios a Mulieris Dignitatem

Gespeichert in:
Bibliographische Detailangaben
1. Verfasser: Juan Pablo II (VerfasserIn)
Format: Buch
Sprache:Spanisch
Veröffentlicht: Santiago Paulinas 1989
Schlagworte:
Tags: Tag hinzufügen
Keine Tags, Fügen Sie den ersten Tag hinzu!

MARC

LEADER 00000nam a2200000 a 4500
001 UCX1209
003 CL-VaPUC
008 900619e19890000CL |||||||||||||||||spa|d
082 0 4 |a 262.91  |b JUA  |2 21 
100 |a Juan Pablo II  |e author  |9 309920 
245 1 3 |a La mujer en la Iglesia y en el mundo: comentarios a Mulieris Dignitatem 
300 |a 122 p 
942 |c BK 
945 |d 19900619 00:00:00 
260 |a Santiago  |b Paulinas  |c 1989 
650 7 |a MUJERES EN LA IGLESIA CATOLICA  |2 CL-VaPUC  |9 309921 
650 0 |a Documentos pontificios   |9 255642 
583 |a last modification  |c 20120704 12:01:08  |k Rodrigo Vera 
999 |c 222494  |d 222492 
952 |0 0  |1 0  |4 0  |6 262_910000000000000_JUA_1989  |7 0  |8 P  |9 217267  |a BIBEDU  |b BIBEDU  |c BIBEDU_PB  |d 2019-11-15  |i 286245K  |o 262.91 JUA 1989  |p 286245K  |r 2024-01-25  |w 2019-11-15  |y BK  |k EPE 
952 |0 0  |1 0  |4 0  |6 262_910000000000000_JUA_1989  |7 0  |8 P  |9 217268  |a BIBEDU  |b BIBEDU  |c BIBEDU_PB  |d 2019-11-15  |i 2862468  |o 262.91 JUA 1989  |p 2862468  |r 2024-01-25  |w 2019-11-15  |y BK  |k EPE